000 00585nam a2200193Ia 4500
003 GCL
008 140319s9999 xx 000 0 ara d
040 _aGCL /
_cGCL
082 0 4 _a822
_bم د
100 1 _aموم, سمرست
245 1 0 _aالدائرة /
_cموم, سمرست
700 1 _aعلى فهمى
700 1 _aعزيز مترى عبدالملك
300 _a197 ص
490 _aروائع المسرح العالمى
_v0
650 0 4 _aالمسرحيات الانجليزية
650 0 4 _aالمسرحيات الانجليزية المترجمة
942 _2ddc
_cBK
999 _c38221
_d38221